[Event "SWE-ch 2018"]
[Site "Ronneby"]
[Date "2018.06.30"]
[Round "1"]
[White "Grandelius, Nils"]
[Black "Blomqvist, Erik"]
[Result "1-0"]
[WhiteElo "2668"]
[BlackElo "2505"]
[Annotator "TA"]
[PlyCount "67"]
[EventDate "2018.06.30"]
[EventType "tourn"]
[EventCountry "SWE"]
[SourceTitle "playchess.com"]
[Source "ChessBase"]
[SourceQuality "1"]

{[%evp 16,67,7,0,22,17,24,27,47,31,31,0,0,0,0,0,15,-50,13,8,8,7,0,4,23,14,17,24,21,8,16,22,21,28,18,17,53,29,34,8,8,0,0,0,0,0,41,31,357,336,469,472,503,496]} 1. e4 c5 2. Nf3 Nc6 3. Bb5 g6 4. Bxc6 dxc6 5. d3 Bg7 6. h3 Nh6 {B31: Sicilian: 2...Nc6 3 Bb5 g6} (6... Nf6 7. Nc3 O-O 8. Be3 b6 9. Qd2 e5 10. Bh6 Qd6 11. O-O-O a5 12. g4 a4 13. Kb1 Be6 14. Ne2 b5 15. Ng3 Rfd8 16. Bxg7 Kxg7 17. Qg5 Nd7 {1-0 (30) Anand,V (2776)-Grischuk,A (2767) Moscow 2018}) 7. Nc3 f6 8. Be3 b6 9. a3 {[%cal Ba2a3,Ba3b4][%mdl 32] LiveBook: 8 Games} e5 10. b4 cxb4 11. axb4 Nf7 12. O-O O-O 13. Ra4 $146 ({Predecessor:} 13. Ra3 f5 14. exf5 gxf5 {1-0 (35) Pridorozhni,A (2565)-Donskov,A (2308) St Petersburg 2017}) 13... f5 14. exf5 gxf5 {White must now prevent ...e4.} 15. Bd2 Bb7 16. Re1 ({Better is} 16. Ne2 $11) 16... Qd7 (16... b5 $1 $15 17. Ra2 c5) 17. Nh4 Nd6 18. Qh5 Qf7 19. Qxf7+ Rxf7 20. Nf3 Re7 21. Ne2 e4 22. Ng3 Ree8 23. Nh4 exd3 24. Rxe8+ Rxe8 25. cxd3 a6 26. Be3 Re5 27. Bxb6 {next Bc5 is good for White.} (27. Nh5 $5 {[%cal Rh5g7]} Rb5 28. Nxg7 Kxg7 29. Kf1 $14) 27... f4 $1 {[%cal Rf4g3]} 28. Nf1 Re1 29. Ra2 Nb5 30. Nf3 Rb1 31. Re2 $36 {[%mdl 2048] [#] aiming for Re8+. White is pushing.} Bf8 $2 {[%mdl 8192]} ({Black should try} 31... Kf7 $1 $14) 32. Re8 $18 Nd6 33. Rb8 a5 34. Bc5 {Precision: White = 70%, Black = 51%.} 1-0

[Event "SWE-ch 2018"]
[Site "Ronneby"]
[Date "2018.06.30"]
[Round "1"]
[White "Westerberg, Jonathan"]
[Black "Von Bahr, Oskar"]
[Result "1/2-1/2"]
[WhiteElo "2517"]
[BlackElo "2432"]
[Annotator "ChessBase"]
[PlyCount "81"]
[EventDate "2018.06.30"]
[EventType "tourn"]
[EventCountry "SWE"]
[SourceTitle "playchess.com"]
[Source "ChessBase"]
[SourceQuality "1"]
[TimeControl "40/5400+30:1800+30"]

1. d4 {[%emt 0:00:00]} Nf6 {[%emt 0:00:00]} 2. Nf3 {[%emt 0:00:00]} g6 {[%emt 0:00:07]} 3. g3 {[%emt 0:00:19]} Bg7 {[%emt 0:00:40]} 4. Bg2 {[%emt 0:00:09]} d5 {[%emt 0:01:29]} 5. O-O {[%emt 0:00:37]} O-O {[%emt 0:00:52]} 6. c4 {[%emt 0:00:08]} c6 {[%emt 0:00:08]} 7. Ne5 {[%emt 0:00:32]} c5 {[%emt 0:02:47]} 8. e3 {[%emt 0:14:45]} cxd4 {[%emt 0:04:20]} 9. exd4 {[%emt 0:00:28]} Nc6 {[%emt 0:02:03]} 10. Nc3 {[%emt 0:11:03]} dxc4 {[%emt 0:04:24]} 11. Nxc6 {[%emt 0:02:52]} bxc6 {[%emt 0:00:05]} 12. Qa4 {[%emt 0:04:09]} Be6 {[%emt 0:09:07]} 13. Bxc6 {[%emt 0:02:34]} Rc8 {[%emt 0:02:42]} 14. Bg2 {[%emt 0:04:05]} Nd5 {[%emt 0:05:43]} 15. Qxa7 {[%emt 0:08:16]} Ra8 {[%emt 0:06:44]} 16. Qb7 {[%emt 0:07:41]} Rb8 {[%emt 0:02:44]} 17. Qc6 {[%emt 0:03:27]} Nb4 {[%emt 0:02:52]} 18. Qa4 {[%emt 0:00:19]} Nd3 {[%emt 0:04:44]} 19. d5 {[%emt 0:00:48]} Bd7 {[%emt 0:07:00]} 20. Qxc4 {[%emt 0:13:16]} Nxb2 {[%emt 0:00:36]} 21. Bxb2 {[%emt 0:00:38]} Rxb2 {[%emt 0:00:04]} 22. Rab1 {[%emt 0:03:13]} Rc2 {[%emt 0:11:15]} 23. Rfc1 {[%emt 0:01:59]} Rxc1+ {[%emt 0:00:51]} 24. Rxc1 {[%emt 0:00:01]} Qa5 {[%emt 0:00:46]} 25. Ne4 {[%emt 0:03:22]} Rc8 {[%emt 0:06:47]} 26. Qf1 {[%emt 0:02:28]} Qxa2 {[%emt 0:01:55]} 27. Rxc8+ {[%emt 0:01:16]} Bxc8 {[%emt 0:00:01]} 28. Qd1 {[%emt 0:00:41]} Qa1 {[%emt 0:05:19]} 29. Qxa1 {[%emt 0:02:46]} Bxa1 {[%emt 0:00:05]} 30. d6 {[%emt 0:01:15]} exd6 {[%emt 0:01:09]} 31. Nxd6 {[%emt 0:00:05]} Be6 {[%emt 0:00:09]} 32. h4 {[%emt 0:01:49]} Be5 {[%emt 0:02:31]} 33. Ne4 {[%emt 0:00:29]} Bf5 {[%emt 0:01:41]} 34. Bf3 {[%emt 0:00:52]} Bxe4 {[%emt 0:00:10]} 35. Bxe4 {[%emt 0:00:03]} h5 {[%emt 0:00:26]} 36. Kg2 {[%emt 0:00:05]} Kg7 {[%emt 0:00:03]} 37. f4 {[%emt 0:01:12]} Bc7 {[%emt 0:01:37]} 38. f5 {[%emt 0:00:14]} Kf6 {[%emt 0:01:08]} 39. fxg6 {[%emt 0:00:04]} fxg6 {[%emt 0:00:05]} 40. Kh3 {[%emt 0:00:16]} Ba5 {[%emt 0:00:22]} 41. g4 {[%emt 0:30:06]} 1/2-1/2

[Event "SWE-ch 2018"]
[Site "Ronneby"]
[Date "2018.06.30"]
[Round "1"]
[White "Hector, Jonny"]
[Black "Cramling, Pia"]
[Result "1-0"]
[WhiteElo "2499"]
[BlackElo "2452"]
[Annotator "ChessBase"]
[PlyCount "81"]
[EventDate "2018.06.30"]
[EventType "tourn"]
[EventCountry "SWE"]
[SourceTitle "playchess.com"]
[Source "ChessBase"]
[SourceQuality "1"]
[TimeControl "40/5400+30:1800+30"]

1. e4 {[%emt 0:00:00]} c5 {[%emt 0:00:31]} 2. Nf3 {[%emt 0:00:20]} e6 {[%emt 0:00:21]} 3. d4 {[%emt 0:00:20]} cxd4 {[%emt 0:00:04]} 4. Nxd4 {[%emt 0:00:08]} Nc6 {[%emt 0:00:14]} 5. Nc3 {[%emt 0:00:44]} Qc7 {[%emt 0:01:18]} 6. Be3 {[%emt 0:00:37]} a6 {[%emt 0:01:01]} 7. Qf3 {[%emt 0:00:49]} Nf6 {[%emt 0:01:55]} 8. O-O-O {[%emt 0:01:46]} Ne5 {[%emt 0:02:44]} 9. Qg3 {[%emt 0:00:38]} b5 {[%emt 0:02:52]} 10. f4 {[%emt 0:01:17]} Neg4 {[%emt 0:00:40]} 11. Bd2 {[%emt 0:00:44]} h5 {[%emt 0:35:10]} 12. h3 {[%emt 0:02:44]} b4 {[%emt 0:01:45]} 13. Nd5 {[%emt 0:01:38]} exd5 {[%emt 0:02:16]} 14. hxg4 {[%emt 0:00:15]} dxe4 {[%emt 0:01:31]} 15. g5 {[%emt 0:16:52]} Ng4 {[%emt 0:01:11]} 16. Qb3 {[%emt 0:09:24]} Bb7 {[%emt 0:12:31]} 17. Bxb4 {[%emt 0:23:38]} Bxb4 {[%emt 0:10:24]} 18. Qxb4 {[%emt 0:00:17]} Qxf4+ {[%emt 0:02:00]} 19. Kb1 {[%emt 0:03:22]} Rb8 {[%emt 0:01:49]} 20. g3 {[%emt 0:07:22]} Qe5 {[%emt 0:00:54]} 21. Bh3 {[%emt 0:00:55]} Bd5 {[%emt 0:08:51]} 22. Qa3 {[%emt 0:04:41]} Nf2 {[%emt 0:00:53]} 23. Nf5 {[%emt 0:01:36]} Nxd1 {[%emt 0:01:08]} 24. Rxd1 {[%emt 0:00:26]} Bc6 {[%emt 0:04:36]} 25. Nd6+ {[%emt 0:02:35]} Kf8 {[%emt 0:00:26]} 26. Rf1 {[%emt 0:00:33]} Qe7 {[%emt 0:03:33]} 27. Rxf7+ {[%emt 0:01:45]} Qxf7 {[%emt 0:00:01]} 28. Nxf7+ {[%emt 0:00:15]} Kxf7 {[%emt 0:00:02]} 29. Qd6 {[%emt 0:01:24]} Rhe8 {[%emt 0:01:23]} 30. Bf1 {[%emt 0:03:58]} Bb5 {[%emt 0:00:19]} 31. g6+ {[%emt 0:02:37]} Kg8 {[%emt 0:00:04]} 32. Qd5+ {[%emt 0:02:18]} Re6 {[%emt 0:00:20]} 33. Bh3 {[%emt 0:00:18]} Rbe8 {[%emt 0:03:11]} 34. Bxe6+ {[%emt 0:00:50]} dxe6 {[%emt 0:00:03]} 35. Qxh5 {[%emt 0:01:10]} e3 {[%emt 0:00:50]} 36. Qh7+ {[%emt 0:00:18]} Kf8 {[%emt 0:00:02]} 37. Qh8+ {[%emt 0:00:11]} Ke7 {[%emt 0:00:01]} 38. Qxg7+ {[%emt 0:00:14]} Kd6 {[%emt 0:00:34]} 39. Qd4+ {[%emt 0:00:15]} Ke7 {[%emt 0:00:41]} 40. Qa7+ {[%emt 0:02:35]} Bd7 {[%emt 0:00:31]} 41. Qxe3 {[%emt 0:30:15]} 1-0

[Event "SWE-ch 2018"]
[Site "Ronneby"]
[Date "2018.06.30"]
[Round "1"]
[White "Tikkanen, Hans"]
[Black "Smith, Axel"]
[Result "1/2-1/2"]
[WhiteElo "2495"]
[BlackElo "2491"]
[Annotator "ChessBase"]
[PlyCount "68"]
[EventDate "2018.06.30"]
[EventType "tourn"]
[EventCountry "SWE"]
[SourceTitle "playchess.com"]
[Source "ChessBase"]
[SourceQuality "1"]
[TimeControl "40/5400+30:1800+30"]

1. d4 {[%emt 0:00:00]} d5 {[%emt 0:00:00]} 2. Bf4 {[%emt 0:01:30]} c5 {[%emt 0:03:00]} 3. e3 {[%emt 0:01:11]} Nc6 {[%emt 0:01:11]} 4. Nf3 {[%emt 0:06:32]} Nf6 {[%emt 0:00:10]} 5. Nbd2 {[%emt 0:01:02]} Bg4 {[%emt 0:06:32]} 6. h3 {[%emt 0:11:04]} Bxf3 {[%emt 0:01:01]} 7. Nxf3 {[%emt 0:00:07]} cxd4 {[%emt 0:05:36]} 8. exd4 {[%emt 0:00:10]} e6 {[%emt 0:00:00]} 9. c3 {[%emt 0:02:55]} Bd6 {[%emt 0:00:00]} 10. Bxd6 {[%emt 0:04:32]} Qxd6 {[%emt 0:00:00]} 11. Bd3 {[%emt 0:00:11]} O-O {[%emt 0:00:02]} 12. O-O {[%emt 0:00:44]} Rfe8 {[%emt 0:09:19]} 13. Re1 {[%emt 0:02:28]} e5 {[%emt 0:03:03]} 14. dxe5 {[%emt 0:05:03]} Nxe5 {[%emt 0:00:03]} 15. Nxe5 {[%emt 0:01:19]} Rxe5 {[%emt 0:00:04]} 16. Rxe5 {[%emt 0:00:12]} Qxe5 {[%emt 0:00:03]} 17. Qe1 {[%emt 0:17:51]} Qxe1+ {[%emt 0:07:17]} 18. Rxe1 {[%emt 0:00:03]} Kf8 {[%emt 0:00:53]} 19. Kf1 {[%emt 0:06:39]} Re8 {[%emt 0:02:32]} 20. Rxe8+ {[%emt 0:03:37]} Kxe8 {[%emt 0:18:59]} 21. Ke2 {[%emt 0:01:07]} Ke7 {[%emt 0:01:38]} 22. Ke3 {[%emt 0:00:11]} Kd6 {[%emt 0:00:48]} 23. g4 {[%emt 0:10:11]} h6 {[%emt 0:02:01]} 24. f4 {[%emt 0:10:47]} g5 {[%emt 0:07:44]} 25. Bf1 {[%emt 0:05:18]} Ng8 {[%emt 0:07:09]} 26. c4 {[%emt 0:04:22]} Ne7 {[%emt 0:02:07]} 27. fxg5 {[%emt 0:00:12]} hxg5 {[%emt 0:00:03]} 28. cxd5 {[%emt 0:00:28]} Ke5 {[%emt 0:06:20]} 29. d6 {[%emt 0:00:44]} Kxd6 {[%emt 0:04:51]} 30. Kd4 {[%emt 0:02:30]} a5 {[%emt 0:00:57]} 31. Bd3 {[%emt 0:00:59]} Nc6+ {[%emt 0:02:58]} 32. Ke4 {[%emt 0:00:13]} Ne7 {[%emt 0:00:10]} 33. Kd4 {[%emt 0:00:18]} Nc6+ {[%emt 0:04:09]} 34. Ke4 {[%emt 0:00:05]} Ne7 {[%emt 0:00:05]} 1/2-1/2

[Event "SWE-ch 2018"]
[Site "Ronneby"]
[Date "2018.06.30"]
[Round "1"]
[White "Seo, Jung Min"]
[Black "Hillarp Persson, Tiger"]
[Result "1/2-1/2"]
[WhiteElo "2347"]
[BlackElo "2546"]
[Annotator "ChessBase"]
[PlyCount "82"]
[EventDate "2018.06.30"]
[EventType "tourn"]
[EventCountry "SWE"]
[SourceTitle "playchess.com"]
[Source "ChessBase"]
[SourceQuality "1"]
[TimeControl "40/5400+30:1800+30"]

1. d4 {[%emt 0:00:54]} Nf6 2. Nf3 g6 {[%emt 0:00:27]} 3. g3 {[%emt 0:00:06]} c5 {[%emt 0:01:53]} 4. d5 {[%emt 0:01:02]} d6 {[%emt 0:03:30]} 5. c4 {[%emt 0:03:07]} e6 {[%emt 0:06:06]} 6. Nc3 {[%emt 0:00:19]} exd5 {[%emt 0:00:09]} 7. cxd5 {[%emt 0:00:06]} Bg7 {[%emt 0:00:06]} 8. Bg2 {[%emt 0:00:19]} O-O {[%emt 0:00:10]} 9. O-O {[%emt 0:00:07]} Na6 {[%emt 0:00:33]} 10. Bf4 {[%emt 0:02:18]} Re8 {[%emt 0:11:15]} 11. Nd2 {[%emt 0:08:45]} Nh5 {[%emt 0:01:36]} 12. Be3 {[%emt 0:01:55]} Nc7 {[%emt 0:06:08]} 13. a4 {[%emt 0:08:55]} b6 {[%emt 0:06:53]} 14. Nc4 {[%emt 0:05:17]} Ba6 {[%emt 0:01:09]} 15. Qb3 {[%emt 0:04:32]} Bxc4 {[%emt 0:05:01]} 16. Qxc4 {[%emt 0:00:45]} a6 {[%emt 0:00:13]} 17. Bf3 {[%emt 0:22:58]} Rxe3 {[%emt 0:07:02]} 18. fxe3 {[%emt 0:00:16]} Nf6 {[%emt 0:00:07]} 19. Qb3 {[%emt 0:07:53]} Nd7 {[%emt 0:03:16]} 20. e4 {[%emt 0:00:31]} h5 {[%emt 0:07:15]} 21. h4 {[%emt 0:04:18]} Ne8 {[%emt 0:06:18]} 22. Kg2 {[%emt 0:01:47]} Ne5 {[%emt 0:02:06]} 23. e3 {[%emt 0:05:09]} Nf6 {[%emt 0:03:28]} 24. Be2 {[%emt 0:00:51]} Nfd7 {[%emt 0:01:51]} 25. Rf4 {[%emt 0:01:10]} c4 {[%emt 0:03:50]} 26. Bxc4 {[%emt 0:01:36]} Nc5 {[%emt 0:03:06]} 27. Qa2 {[%emt 0:00:19]} Rc8 {[%emt 0:00:08]} 28. Raf1 {[%emt 0:05:30]} Bh6 {[%emt 0:00:20]} 29. Be2 {[%emt 0:00:27]} Qe8 {[%emt 0:04:00]} 30. Rd1 {[%emt 0:01:19]} Bxf4 {[%emt 0:03:53]} 31. exf4 {[%emt 0:00:34]} Ng4 {[%emt 0:00:09]} 32. Bxg4 {[%emt 0:03:14]} hxg4 {[%emt 0:00:06]} 33. Qc4 {[%emt 0:02:42]} b5 {[%emt 0:00:29]} 34. axb5 {[%emt 0:00:18]} axb5 {[%emt 0:00:07]} 35. Qb4 {[%emt 0:02:41]} f5 {[%emt 0:02:19]} 36. Qxb5 {[%emt 0:02:40]} Qxb5 {[%emt 0:00:20]} 37. Nxb5 {[%emt 0:00:01]} Nxe4 {[%emt 0:00:11]} 38. Nc3 {[%emt 0:00:28]} Nxc3 {[%emt 0:00:43]} 39. bxc3 {[%emt 0:01:13]} Rxc3 {[%emt 0:00:07]} 40. Re1 {[%emt 0:00:48]} Kf7 {[%emt 0:01:30]} 41. Re6 {[%emt 0:30:21]} Rc2+ {[%emt 0:30:12]} 1/2-1/2

[Event "SWE-ch 2018"]
[Site "Ronneby"]
[Date "2018.07.01"]
[Round "2"]
[White "Hillarp Persson, Tiger"]
[Black "Hector, Jonny"]
[Result "1/2-1/2"]
[WhiteElo "2546"]
[BlackElo "2499"]
[Annotator "ChessBase"]
[PlyCount "62"]
[EventDate "2018.06.30"]
[EventType "tourn"]
[EventCountry "SWE"]
[SourceTitle "playchess.com"]
[Source "ChessBase"]
[SourceQuality "1"]
[TimeControl "40/5400+30:1800+30"]

1. c4 {[%emt 0:00:00]} e5 {[%emt 0:00:00]} 2. Nc3 {[%emt 0:00:00]} Bb4 {[%emt 0:00:48]} 3. Nd5 {[%emt 0:00:00]} a5 {[%emt 0:01:26]} 4. Nf3 {[%emt 0:03:31]} d6 {[%emt 0:07:00]} 5. a3 {[%emt 0:08:30]} c6 {[%emt 0:04:58]} 6. axb4 {[%emt 0:09:28]} cxd5 {[%emt 0:00:38]} 7. cxd5 {[%emt 0:00:08]} Nf6 {[%emt 0:03:58]} 8. d3 {[%emt 0:07:49]} Nxd5 {[%emt 0:04:15]} 9. Bd2 {[%emt 0:00:30]} Nc6 {[%emt 0:08:29]} 10. bxa5 {[%emt 0:00:49]} O-O {[%emt 0:02:08]} 11. g3 {[%emt 0:23:38]} b6 {[%emt 0:16:46]} 12. axb6 {[%emt 0:03:22]} Rxa1 {[%emt 0:01:34]} 13. Qxa1 {[%emt 0:00:15]} Ndb4 {[%emt 0:00:50]} 14. Bxb4 {[%emt 0:05:12]} Nxb4 {[%emt 0:00:08]} 15. Qa5 {[%emt 0:16:37]} Nc6 {[%emt 0:00:16]} 16. Qb5 {[%emt 0:02:31]} Bb7 {[%emt 0:06:04]} 17. Bh3 {[%emt 0:01:24]} Nd4 {[%emt 0:02:38]} 18. Nxd4 {[%emt 0:00:22]} Bxh1 {[%emt 0:00:51]} 19. Nc6 {[%emt 0:12:43]} Bxc6 {[%emt 0:02:50]} 20. Qxc6 {[%emt 0:00:06]} f5 {[%emt 0:00:35]} 21. e4 {[%emt 0:01:57]} fxe4 {[%emt 0:03:15]} 22. dxe4 {[%emt 0:00:09]} Qf6 {[%emt 0:00:43]} 23. Qc2 {[%emt 0:00:42]} d5 {[%emt 0:01:35]} 24. b7 {[%emt 0:00:57]} Qb6 {[%emt 0:05:21]} 25. Qc8 {[%emt 0:00:57]} Qxf2+ {[%emt 0:03:56]} 26. Kd1 {[%emt 0:00:05]} Qd4+ {[%emt 0:05:57]} 27. Kc1 {[%emt 0:00:08]} Qe3+ {[%emt 0:01:23]} 28. Kd1 {[%emt 0:00:57]} Qb3+ {[%emt 0:02:04]} 29. Kc1 {[%emt 0:00:47]} Qe3+ {[%emt 0:03:54]} 30. Kd1 {[%emt 0:00:07]} Qd4+ {[%emt 0:01:18]} 31. Kc1 {[%emt 0:00:12]} Qe3+ {[%emt 0:00:13]} 1/2-1/2

[Event "SWE-ch 2018"]
[Site "Ronneby"]
[Date "2018.07.01"]
[Round "2"]
[White "Blomqvist, Erik"]
[Black "Seo, Jung Min"]
[Result "0-1"]
[WhiteElo "2505"]
[BlackElo "2347"]
[Annotator "TA"]
[PlyCount "121"]
[EventDate "2018.06.30"]
[EventType "tourn"]
[EventCountry "SWE"]
[SourceTitle "playchess.com"]
[Source "ChessBase"]
[SourceQuality "1"]

{[%evp 12,121,15,0,34,25,34,-8,36,39,30,39,77,75,85,57,56,56,58,56,64,60,55,52,53,50,58,50,81,81,85,81,100,100,100,100,108,93,166,163,166,166,166,161,165,160,200,198,200,200,231,178,160,122,189,153,176,150,142,148,157,126,137,143,185,153,153,150,152,147,139,139,142,133,158,132,147,150,149,152,178,147,154,155,153,156,155,133,135,0,157,0,166,150,159,149,175,171,283,30,38,42,139,125,359,318,345,330,336,322,290,0]} 1. e4 c6 2. Nf3 d5 3. exd5 cxd5 4. d4 Nf6 5. Bf4 Bf5 6. c3 Nc6 7. Nbd2 {LiveBook: 166 Games. B13: Caro-Kann: Exchange Variation and Panov-Botvinnik Attack} g6 (7... e6 8. Qb3 Bd6 9. Bg3 Bxg3 10. hxg3 Qd6 11. Qxb7 Rb8 12. Qa6 O-O {0-1 (36) Caruana,F (2816)-Grischuk,A (2766) Paris 2018}) 8. Ne5 Bg7 $146 ({Predecessor:} 8... Nxe5 9. Bxe5 Bg7 10. Qb3 O-O 11. Be2 Ne4 12. Nxe4 Bxe4 13. Bxg7 Kxg7 14. O-O Rb8 {1-0 (65) Roganovic,N (2194)-Jovic,S (2292) Vrbas 2011}) 9. Qb3 {White is slightly better.} Qb6 (9... Nh5 {feels hotter.} 10. Be3 O-O 11. Nef3 Nf6 12. Be2 Ng4) 10. Qxb6 axb6 11. Bb5 Bd7 12. Nxd7 Nxd7 13. O-O O-O 14. Rfe1 e6 15. h3 Rfc8 16. g4 Nf6 {[%cal Bd7f6,Bf6e8,Be8d6,Bd6c4][%mdl 32]} 17. a3 Bf8 18. Be2 Ne8 19. Kg2 Nd6 20. Rh1 Na5 21. Rae1 Nac4 22. Nxc4 Nxc4 23. Bc1 Nd6 24. h4 {[%cal Bh3h4,Bh4h5][%mdl 32]} h6 (24... b5 $16 {was necessary.}) 25. Bd3 $18 Re8 26. h5 g5 27. f4 gxf4 28. Bxf4 Rad8 29. Rhf1 Rc8 30. Rf2 Nc4 31. Bc1 Bg7 32. Ref1 Rc7 (32... e5 $16 {keeps fighting.}) 33. a4 Ra8 34. Re2 Nd6 35. g5 hxg5 36. Bxg5 Ne4 37. Bf4 Rd7 38. h6 ({Much less strong is} 38. Bxe4 $6 dxe4 39. h6 (39. Rxe4 Rxa4 40. h6 Bh8 $16) 39... Bh8 $16) 38... Bh8 39. Kf3 f5 40. Rg2+ Kh7 41. Rfg1 Bf6 42. Rg6 Rf7 43. Bb5 Raf8 44. Ke3 Re7 45. Bd3 {Bxe4 is the strong threat.} Ref7 46. R6g2 Ra8 47. Be2 Re7 48. Bb5 Rf8 49. Kd3 Ra8 50. Ke3 Rf8 $1 51. Be2 Ra8 $1 52. Bh5 Rc8 53. Rg6 Rf8 54. Kf3 $36 {[%mdl 2048] White is in control.} Rc8 {[#]} (54... Bh8 $142 55. Ke3 Ra8) 55. Be5 $2 (55. Rxf6 $1 $18 {[%mdl 512] White threatens Bg6+ and mate.} Nxf6 56. Bg6+ Kg8 57. Bd6) 55... Bxe5 $11 56. dxe5 Nd2+ (56... Nc5 $14) 57. Kf4 $16 {Threatens to win with Rg7+.} Nc4 $2 (57... Rc4+ $16 58. Ke3 Nf1+ 59. Kd3 (59. Rxf1 Rh4 $14) 59... Nh2) 58. R1g2 $18 Rd8 {White has a decisive advantage.} 59. Rf6 d4 60. Bf7 d3 {[#]} 61. Bxe6 $2 {[%mdl 32768] Precision: White = 60%, Black = 52%. . Loss on Time!?} ({Only move:} 61. b3 $1 $18) 0-1

[Event "SWE-ch 2018"]
[Site "Ronneby"]
[Date "2018.07.01"]
[Round "2"]
[White "Tikkanen, Hans"]
[Black "Westerberg, Jonathan"]
[Result "1-0"]
[WhiteElo "2495"]
[BlackElo "2517"]
[Annotator "TA"]
[PlyCount "107"]
[EventDate "2018.06.30"]
[EventType "tourn"]
[EventCountry "SWE"]
[SourceTitle "playchess.com"]
[Source "ChessBase"]
[SourceQuality "1"]

{[%evp 20,107,-20,-29,-16,-29,-11,-8,-10,-6,8,0,30,33,39,0,35,0,16,17,18,16,18,12,5,16,15,-21,0,0,11,11,11,0,60,60,75,0,64,35,69,0,70,81,79,0,0,0,0,0,0,0,0,0,45,29,29,43,27,36,370,131,174,0,0,0,0,0,0,0,0,0,0,0,0,0,0,0,0,0,725,583,2176,827,29969,29970,29953,8272,12846,12829]} 1. d4 d5 2. Bf4 Nf6 3. e3 e6 4. Nd2 c5 5. c3 Nc6 6. Ngf3 Bd6 7. Bg3 O-O 8. Bd3 b6 9. e4 {D02: 1 d4 d5 2 Nf3 sidelines, including 2...Nf6 3 g3 and 2...Nf6 3 Bf4} Be7 10. e5 Nh5 11. Qe2 {LiveBook: 5 Games. The position is equal.} (11. Nf1 cxd4 12. Nxd4 Nxd4 13. cxd4 g6 14. Ne3 f5 15. exf6 Bxf6 16. Be2 Nxg3 17. hxg3 {½-½ (37) Nakamura,H (2787)-Svidler,P (2760) Moscow 2018}) 11... Bb7 12. Nf1 $146 ({Predecessor:} 12. a3 a5 13. O-O c4 14. Bc2 b5 15. Ne1 Nxg3 16. hxg3 b4 {1-0 (48) Fauland,A (2420)-Singer,C (2401) Austria 2017}) 12... cxd4 13. Nxd4 g6 ({Don't blunder} 13... Nxg3 $2 {[#]} 14. Bxh7+ $1 {[%mdl 512]} Kxh7 15. hxg3+ Kg8 16. Qh5 $16) 14. Nd2 Nxd4 15. cxd4 a5 16. O-O a4 17. a3 Ra5 18. f4 Qa8 19. Be1 Ba6 20. g4 Ng7 21. Nb1 {[%cal Bd2b1,Bb1a3,Ba3b5][%mdl 32]} Bxd3 22. Qxd3 Ra7 23. Bb4 f5 24. g5 Bxb4 25. axb4 Qc6 26. Na3 Qd7 (26... Rc7 $11) 27. Nb5 $14 Raa8 28. Kf2 (28. Rfc1 $16) 28... Rfc8 ({Better is} 28... Qe7 $11) 29. Rfc1 Ne8 30. h4 (30. Ke3 $1 $14) 30... Rc6 (30... Rc4 $11 31. Rxc4 dxc4 32. Qxc4 Rc8) 31. Rxc6 Qxc6 32. b3 (32. Ke3 $16) 32... axb3 $11 33. Rxa8 Qxa8 34. Qxb3 Qc6 35. Nc3 b5 36. Ne2 Nc7 37. Qa3 Na8 38. Qa7 {Hoping for Qb8+.} Nb6 $1 39. Qe7 {[#] Strongly threatening Qd8+.} Nc8 $2 {[%mdl 8192]} (39... Qd7 $14 40. Qxd7 Nxd7) 40. Qc5 $2 (40. Qd8+ $18 {is the precise move to win.} Kg7 41. Kf3) 40... Qd7 41. h5 $2 (41. Ke3 $18) 41... gxh5 42. Nc3 Na7 43. Qd6 Qc8 44. Ne2 Kf7 45. Kg3 Nc6 46. Qc5 Ne7 47. Nc3 {Qxc8 is the strong threat.} Qxc5 48. dxc5 {[%mdl 4096] Endgame KN-KN} Nc6 {White must now prevent ...d4.} 49. Nxb5 Ke7 $2 {[%mdl 8192]} (49... Kg6 $11) 50. Kh4 $18 Nxb4 {intending ...Nd3.} 51. Kxh5 Nd3 52. Kh6 Nxf4 53. Kxh7 Kd7 54. g6 {Precision: White = 54%, Black = 43%.} 1-0

[Event "SWE-ch 2018"]
[Site "Ronneby"]
[Date "2018.07.01"]
[Round "2"]
[White "Smith, Axel"]
[Black "Cramling, Pia"]
[Result "1/2-1/2"]
[WhiteElo "2491"]
[BlackElo "2452"]
[Annotator "ChessBase"]
[PlyCount "56"]
[EventDate "2018.06.30"]
[EventType "tourn"]
[EventCountry "SWE"]
[SourceTitle "playchess.com"]
[Source "ChessBase"]
[SourceQuality "1"]
[TimeControl "40/5400+30:1800+30"]

1. c4 {[%emt 0:00:00]} e6 {[%emt 0:00:54]} 2. Nc3 {[%emt 0:00:00]} Bb4 {[%emt 0:00:27]} 3. e4 {[%emt 0:00:14]} Ne7 {[%emt 0:01:42]} 4. Nf3 {[%emt 0:02:39]} O-O {[%emt 0:03:42]} 5. d4 {[%emt 0:06:53]} d6 {[%emt 0:10:09]} 6. Qb3 {[%emt 0:09:15]} c5 {[%emt 0:04:01]} 7. a3 {[%emt 0:09:00]} Bxc3+ {[%emt 0:03:51]} 8. Qxc3 {[%emt 0:00:27]} cxd4 {[%emt 0:04:15]} 9. Nxd4 {[%emt 0:00:34]} e5 {[%emt 0:00:40]} 10. Nc2 {[%emt 0:01:52]} Be6 {[%emt 0:01:19]} 11. Bd3 {[%emt 0:09:25]} Nd7 {[%emt 0:02:02]} 12. Ne3 {[%emt 0:01:54]} Rc8 {[%emt 0:10:52]} 13. O-O {[%emt 0:20:11]} b5 {[%emt 0:01:54]} 14. b3 {[%emt 0:00:29]} Nb6 {[%emt 0:09:54]} 15. Bb2 {[%emt 0:05:18]} bxc4 {[%emt 0:03:18]} 16. Bxc4 {[%emt 0:02:29]} Bxc4 {[%emt 0:04:26]} 17. bxc4 {[%emt 0:00:28]} Qd7 {[%emt 0:09:25]} 18. Rac1 {[%emt 0:05:01]} Qe6 {[%emt 0:06:06]} 19. Qd3 {[%emt 0:04:47]} Rc6 {[%emt 0:00:41]} 20. Rc2 {[%emt 0:02:14]} Rfc8 {[%emt 0:03:02]} 21. Rfc1 {[%emt 0:00:04]} Rc5 {[%emt 0:00:21]} 22. Nd5 {[%emt 0:11:48]} Nc6 {[%emt 0:01:16]} 23. Nxb6 {[%emt 0:00:35]} axb6 {[%emt 0:00:02]} 24. Qb3 {[%emt 0:00:29]} Rb8 {[%emt 0:06:10]} 25. a4 {[%emt 0:04:07]} Na5 {[%emt 0:00:26]} 26. Qb4 {[%emt 0:00:19]} Nc6 {[%emt 0:01:18]} 27. Qb3 {[%emt 0:00:15]} Na5 {[%emt 0:00:12]} 28. Qb4 {[%emt 0:00:01]} Nc6 {[%emt 0:02:12]} 1/2-1/2